00286nam a22001097a 4500020001800000082001500018100003300033245003000066260005600096300000800152650001600160 a9789380359618 a303.61 VAR aVarma, RavindraaAnna Alomes aTowards a Nonviolent Mind aDelhi, IndiabLibrary Of Tibetan works And Archives a293 aNonviolence